000 00548nam a22002177a 4500
003 UA-OsUOA
001 135815
007 ta
008 20190218b un ||||| |||| 00| 0 ukr d
100 _aГнатюк М.
090 _a82
_bГ56
942 _cSA
040 _aUA-OsUOA
_bukr
_cUA-OsUOA
_dUA-OsUOA
245 _aЗі славного роду Старицьких...
300 _aС.46-52
955 _a0
041 _aukr
080 _a82
773 0 _w135811
650 7 _a82 Література. Літературознавство
_2UDC
999 _c409018
_d409018